000 00420nam a2200169Ia 4500
005 20250603145206.0
008 250603s9999 xx 000 0 und d
020 _a9781613994931
050 _aHD 9560.5 .H56/
100 _aHinkin, Chris
245 0 _aIntroduction to Petroleum Economics
260 _aPalisades
260 _bSociety of Petroleum Engineers
260 _c2017
650 _aPalisades
942 _cBK
999 _c41141
_d41141